000 00730cam a22002411 4500
001 10036
003 BD-RjUL
005 20211208234901.0
008 140121s1964 caua 000 0 eng d
035 _a(BD-RjUL) 10083
040 _aDLC
_cDLC
_dDLC
_d(BD-RjUL)
_beng
041 _aeng
082 0 0 _a541.22
_bPAA
100 1 _aPauling, Linus,
_d1901-1994.
_929404
245 1 4 _aThe architecture of molecules /
_c[by] Linus Pauling and Roger Hayward.
260 _aSan Francisco :
_bW. H. Freeman ,
_c[c1964]
300 _ax, 57p. :
_bcol. illus. ;
_c26 cm.
650 0 _aMolecular structure.
_928116
700 1 _aHayward, Roger,
_d1899-1979,
_eillus.
_930978
942 _2ddc
_cBK
999 _c10036
_d10036